Návrh neurónovej siete na dešifrovanie symetrických šifier

Saved in:
Bibliographic Details
Main Author: Karabáš, Martin, 1987- (Author)
Other Authors: Ďuračková, Daniela, 1950- (Thesis advisor)
Format: Manuscript Book
Language:Slovak
Published: Bratislava : STU v Bratislave FEI, 2013
Subjects:
Online Access:VAIS
Tags: Add Tag
No Tags, Be the first to tag this record!

MARC

LEADER 00000ntm a22000003a 4500
001 stu270457
005 20160708112255.0
008 130709s2013----xo------------------slo-d
040 |a STU  |b slo 
041 0 |a slo 
044 |a xo 
100 1 |a Karabáš, Martin,  |d 1987-  |4 aut  |u E  |T FEI Fakulta elektrotechniky a informatiky  |X 35605  |U E  |Y 30  |7 A000035605 
242 0 0 |a Design of neural network to decrypt the symmetric ciphers  |y eng 
245 1 |a Návrh neurónovej siete na dešifrovanie symetrických šifier  
260 |a Bratislava :  |b STU v Bratislave FEI,  |c 2013 
300 |a 89 s  |c príl. 
650 7 |a Telekomunikácie  |2 stusub 
650 7 |a Telecommunications  |2 estusub 
650 7 |a MATLAB  |2 estusub 
650 7 |a MATLAB  |2 stusub 
650 7 |a neuron network  |2 estusub 
650 7 |a neurónové siete  |2 stusub 
650 7 |a MATLAB  |2 estusub 
650 7 |a MATLAB  |2 stusub 
650 7 |a dešifrovanie  |2 stusub 
650 7 |a kryptológia  |2 stusub 
650 7 |a šifrovanie  |2 stusub 
700 1 |a Ďuračková, Daniela,  |d 1950-  |4 ths  |u E030  |U FEI Fakulta elektrotechniky a informatiky  |T FEI Ústav elektroniky a fotoniky  |X 1970  |U E030  |Y 549  |7 A000001970 
856 4 |a info a plný text  |u http://is.stuba.sk/zp/portal_zp.pl?podrobnosti=79035  |3 VAIS 
996 |b 284EP10545  |c E*DIPL-10545  |l EE37  |s P  |a 0  |w stu270457_0001